ბათუმის შოთა რუსთაველის სახელმწიფო უნივერსიტეტის ბიბლიოთეკა

სომხეთის სამხედრო ელიტა : (ბიბ.ჩანაწერი № 56173)

000 -ლიდერი
ფიქსირებული სიგრძის საკონტროლო ველი 01573nam a2200289Ia 4500
001 - საკონტროლო ნომერი
საკონტროლო ველი 23274
003 - საკონტროლო ნომრის იდენტიფიკატორი
საკონტროლო ველი GE_BSU
005 - ბოლო ოპერაციის თარიღი და დრო
საკონტროლო ველი 20230725170304.0
008 - ფიქსირებული სიგრძის მონაცემთა ელემენტები - ზოგადი ინფორმაცია
ფიქსირებული სიგრძის საკონტროლო ველი 181216s2014||||ge |||||||||||||| ||geo||
020 ## - წიგნის საერთაშორისო სტანდარტული ნომერი
International Standard Book Number 9789941065811
040 ## - კატალოგიზაციის წყარო
Transcribing agency GE_BSU
041 ## - ენის კოდი
Language code of text/sound track or separate title geo
080 ## - უნივერსალური ათობითი კლასიფიკაციის ინდექსი
Universal Decimal Classification number 355.333(479.25) გ-60
100 ## - მთავარი ჩანაწერი - პიროვნების სახელი
Personal name გოგიტიძე, მამუკა
9 (RLIN) 19544
245 ## - ცნობა სათაურის შესახებ
Title სომხეთის სამხედრო ელიტა :
Remainder of title (სომეხი გენერლები საქართველოდან) /
Statement of responsibility, etc მამუკა გოგიტიძე, გიორგი ბეჟიტაშვილი ; რუს. თარგმნა მამუკა გოგიტიძემ ; რედ. ელგუჯა მამუკელაშვილი.
264 ## - წარმოების, გამოცემის, დისტრიბუციის და სხვა ცნობები
გამოცემის, წარმოების, დისტრიბუციის... ადგილი თბილისი :
გამოცემის, წარმოების, დისტრიბუციის... სახელწოდება სვეტი,
გამოცემის, წარმოების, დისტრიბუციის... თარიღი 2014.
300 ## - ფიზიკური აღწერა
Extent 253 გვ. :
Other physical details ფოტ. ;
Dimensions 29 სმ.
504 ## - BIBLIOGRAPHY, ETC. NOTE
Bibliography, etc ბიბლიოგრ. : გვ. 239-251
653 ## - INDEX TERM--UNCONTROLLED
Uncontrolled term სომეხი გენერლები
653 ## - INDEX TERM--UNCONTROLLED
Uncontrolled term სომხეთის სამხედრო ელიტა
653 ## - INDEX TERM--UNCONTROLLED
Uncontrolled term სომეხი გენერლები საქართველოდან
700 ## - ADDED ENTRY--PERSONAL NAME
Personal name ბეჟიტაშვილი, გიორგი
Relator term ავტორი
9 (RLIN) 2380
700 ## - ADDED ENTRY--PERSONAL NAME
Personal name გოგიტიძე, მამუკა
Relator term მთარგმნელი
9 (RLIN) 19544
700 ## - ADDED ENTRY--PERSONAL NAME
Personal name მამუკელაშვილი, ელგუჯა
Relator term რედაქტორი
9 (RLIN) 19545
942 ## - ADDED ENTRY ELEMENTS (KOHA)
Koha item type წიგნი
Source of classification or shelving scheme
ეგზემპლარები
ჩამოწერის სტატუსი დაკარგული ეგზემპლარის სტატუსი კლასიფიკაციის წყარო ან თაროზე გაწყობის სქემა დაზიანების სტატუსი არ გაიცემა მუდმივი მდებარეობა (დაცვის ადგილი) ამჟამინდელი ადგილსამყოფელი თაროზე განთავსების ადგილი შეძენის თარიღი ღირებულება, შესყიდვის ნორმალური ფასი სრული შენახვის შიფრი შტრიხკოდი ბოლო ოპერაციის თარიღი ეგზემპლარის მიმდევრობითი ნომერი (კეტერი?) ფასის ძალაში შესვლის თარიღი ეგზემპლარის სახეობა საჯარო შენიშვნა
          ბათუმის შოთა რუსთაველის სახელმწიფო უნივერსიტეტის მთავარი ბიბლიოთეკა ბათუმის შოთა რუსთაველის სახელმწიფო უნივერსიტეტის მთავარი ბიბლიოთეკა წიგნსაცავი 2018-12-17 20.00 355.333(479.25) გ-60 58706 2018-12-17 58706 2018-12-17 წიგნი 20.00 ₾.
          ბათუმის შოთა რუსთაველის სახელმწიფო უნივერსიტეტის მთავარი ბიბლიოთეკა ბათუმის შოთა რუსთაველის სახელმწიფო უნივერსიტეტის მთავარი ბიბლიოთეკა წიგნსაცავი 2018-12-17 20.00 355.333(479.25) გ-60 58707 2018-12-17 58707 2018-12-17 წიგნი 20.00 ₾.